000 00577nam a2200241 a 4500
001 nice12345678
003 IN_TiNIC
005 20260116012916.0
008 050524s1985 dela grp 000 0 eng
020 _a
_c130
082 0 0 _a704.94897
_bBEN
100 _aBendrey, V S
245 _aStudy of Musliminscriptions
260 _aDelhi
_bAnmol Publishers
_c1985
300 _a197p
500 _aincludes index and biblioraphy
505 2 _aBibliography
650 _aEpigraphy-Islamic
700 1 _aBendrey, V S
902 _bSRS
942 _cBK
999 _c8850
_d8850